| Tag |
First Indicator |
Second Indicator |
Subfields |
| LEADER |
00000cam a2200000 4500 |
| 001 |
in00000056114 |
| 005 |
20151008052359.0 |
| 008 |
720104s1959 nyu b 00000 eng |
| 010 |
|
|
|a 59008395
|
| 035 |
|
|
|a (OCoLC)00190349
|
| 035 |
|
|
|9 AAH3066AM
|
| 040 |
|
|
|a DLC
|c WSU
|d OCL
|d TXA
|d UtOrBLW
|
| 049 |
|
|
|a TXAM
|c [311054]
|
| 050 |
0 |
0 |
|a LC4945.G7
|b B7
|
| 082 |
0 |
|
|a 371.96
|
| 092 |
|
|
|a 371.96
|b B825e, 1959
|
| 100 |
1 |
|
|a Brauer, George C.
|
| 245 |
1 |
4 |
|a The education of a gentleman ;
|b theories of gentlemanly education in England, 1660-1775.
|
| 264 |
|
1 |
|a New York :
|b Bookman Associates,
|c [1959]
|
| 300 |
|
|
|a 252 pages ;
|c 22 cm.
|
| 336 |
|
|
|a text
|b txt
|2 rdacontent
|
| 337 |
|
|
|a unmediated
|b n
|2 rdamedia
|
| 338 |
|
|
|a volume
|b nc
|2 rdacarrier
|
| 504 |
|
|
|a Includes bibliography.
|
| 650 |
|
0 |
|a Education
|z Great Britain.
|
| 650 |
|
0 |
|a Nobility
|z Great Britain.
|
| 651 |
|
0 |
|a Great Britain
|x Social conditions.
|
| 999 |
|
|
|a MARS
|
| 999 |
f |
f |
|s a8abbd3f-097f-32db-aceb-64d95397ddcb
|i fc62c60d-1081-3503-af81-312ed36f698a
|t 0
|
| 952 |
f |
f |
|p normal
|a Texas A&M University
|b College Station
|c Sterling C. Evans Library
|d Evans: Library Stacks
|t 0
|e LC4945.G7 B7
|h Library of Congress classification
|i unmediated -- volume
|m A14800847556
|
| 998 |
f |
f |
|a LC4945.G7 B7
|t 0
|l Evans: Library Stacks
|